000 00747nam a2200241Ia 4500
003 OSt
005 20220918194849.0
006 a|||||r|||| 00| 0
007 ta
008 220917b |||||||| |||| 00| 0 eng d
024 _a82,089
037 _cTextual
040 _aARTS
_cARTS
_beng
041 _2eng
_aeng
082 _aS:7:7:(Z,27), M0
100 _aFretz Bruxe R
_987620
245 0 _aLicensing and certification of psychologic=sts and counseliors
_b a guide to current policies procedures and legislation
260 _acalifornia
_bJersey Vass
_c1980
650 _aPSYCHOLOGY
700 _a Mills David H
_987621
942 _hS:7:7:(Z,27), M0
_cTEXL
_2CC
999 _c205811
_d205811